| 000 | 00430nam a2200109Ia 4500 | ||
|---|---|---|---|
| 008 | 171212s9999 xx 000 0 und d | ||
| 100 | _aMcGovern, Geoffrey;Greenberg, Michael D. | ||
| 245 |
_cMcGovern, Geoffrey;Greenberg, Michael D. _aWho Pays for Justice? Perspectives on State Court System Financing and Governance |
||
| 260 |
_bRAND Corporation _c2014 |
||
| 650 | _aLaw | ||
| 856 | _uhttp://www.jstor.org/stable/10.7249/j.ctt6wq94h | ||
| 999 |
_c352820 _d352820 |
||